Phân tích dữ liệu và tiến trình hợp ngữ Excel và Access với Office 2007 Giáo trình tự học : Ấn bản dành cho học sinh, sinh viên
Giới thiệu các kỹ thuật tích hợp các tính năng mạnh mẽ của cả hai ứng dụng Excel và Acces .
Gespeichert in:
| 1. Verfasser: | |
|---|---|
| Format: | Buch |
| Sprache: | Undetermined |
| Veröffentlicht: |
Thành phố Hồ Chí Minh
Hồng Đức
2008
|
| Schlagworte: | |
| Tags: |
Tag hinzufügen
Keine Tags, Fügen Sie den ersten Tag hinzu!
|
| Thư viện lưu trữ: | Trung tâm Học liệu Trường Đại học Cần Thơ |
|---|
| LEADER | 00952nam a2200217Ia 4500 | ||
|---|---|---|---|
| 001 | CTU_159271 | ||
| 008 | 210402s9999 xx 000 0 und d | ||
| 020 | |c 67000 | ||
| 082 | |a 005.5 | ||
| 082 | |b Qu600 | ||
| 100 | |a Dương, Minh Quý | ||
| 245 | 0 | |a Phân tích dữ liệu và tiến trình hợp ngữ Excel và Access với Office 2007 | |
| 245 | 0 | |b Giáo trình tự học : Ấn bản dành cho học sinh, sinh viên | |
| 245 | 0 | |c Dương Minh Quý và Nhóm Tin học thực dụng | |
| 260 | |a Thành phố Hồ Chí Minh | ||
| 260 | |b Hồng Đức | ||
| 260 | |c 2008 | ||
| 520 | |a Giới thiệu các kỹ thuật tích hợp các tính năng mạnh mẽ của cả hai ứng dụng Excel và Acces . | ||
| 650 | |a Microsoft Excel (Computer file),Microsoft Access,Database management | ||
| 904 | |i Bạch Trúc | ||
| 980 | |a Trung tâm Học liệu Trường Đại học Cần Thơ | ||